| 000 | 00459nam a22001697a 4500 | ||
|---|---|---|---|
| 003 | OSt | ||
| 005 | 20230728130831.0 | ||
| 008 | 130313t xxu||||| |||| 00| 0 eng d | ||
| 050 |
_aQL 737 _b.L42 1997 |
||
| 245 |
_aThe dolphin : prince of the waves _cBloas, Renee le |
||
| 260 |
_aNew York _bReader's digest young families _cC1997 |
||
| 300 |
_a191 p. : _c27 cm. _bcol.ill. ; |
||
| 562 | _e1 | ||
| 650 |
_aPigeon. _921099 |
||
| 942 |
_2lcc _cBK |
||
| 999 |
_c11785 _d11785 |
||